000 00576nam a2200181 i 4500
001 81362
003 ES-MaACL
005 20230906174425.0
007 t|
008 041104s1946 sp ||||1| spa d
100 1 _aHoyos Sancho, Nieves de.
_964438
245 1 0 _aGinecocracia o mando de las mujeres en España /
_cNieves de Hoyos Sancho.
260 _aMadrid :
_b[s.n.,
_c1946] (
_fC. Bermejo, imp.)
300 _a7 h. ;
_c24 cm.
595 _aSeparata de: revista Las Ciencias, año XI, n. 2, p. 299-311.
650 4 _aMatriarcado.
_9146263
852 4 _aES-MaACL
_j1864-F-16
999 _c81362
_d81362